Départements du bassin de la Loire - Statistiques

Statistiques générales
  • Ce quiz a été pris 53 fois
    47 depuis la dernière actualisation
  • Le résultat moyen est 27 sur 35
Statistiques - réponses
Régions % Correct
Pays-de-La-Loire
98%
Centre-Val-de-Loire
93%
Loire
93%
Loiret
93%
Auvergne-Rhône-Alpes
91%
Haute-Loire
88%
Loire-Atlantique
88%
Loir-et-Cher
86%
Cher
84%
Maine-et-Loire
84%
Allier
81%
Bourgogne-Franche-Comté
81%
Indre
81%
Indre-et-Loire
81%
Mayenne
81%
Occitanie
81%
Nièvre
79%
Nouvelle-Aquitaine
79%
Rhône
79%
Cantal
77%
Sarthe
77%
Creuse
74%
Normandie
72%
Saône-et-Loire
72%
Ardèche
70%
Eure-et-Loir
70%
Haute-Vienne
70%
Orne
70%
Puy-de-Dôme
70%
Vendée
70%
Vienne
70%
Deux-Sèvres
67%
Lozère
67%
Charente
65%
Côte-d'Or
65%
Aucun quiz correspondant
Distribution des résultats
% des personnes avec chaque résultat
Percentile par nombre de réponses
Votre historique - résultats
Vous n’avez pas pris ce quiz depuis la dernière actualisation